Stolice najbardziej zaludnionych państw - Statystyki

Ogólne statystyki
  • Ten quiz został rozwiązany 238 razy
    228 od ostatniego zresetowania
  • Średni wynik to 11 z 20
Statystyki odpowiedzi
Państwo Stolica % Poprawnych
Chiny Pekin
89%
Stany Zjednoczone Waszyngton
86%
Rosja Moskwa
85%
Indie Nowe Delhi
75%
Japonia Tokio
75%
Brazylia Brasilia
69%
Niemcy Berlin
66%
Meksyk Meksyk
65%
Indonezja Dżakarta
54%
Egipt Kair
52%
Turcja Ankara
42%
Pakistan Islamabad
40%
Iran Teheran
40%
Bangladesz Dhaka
33%
Filipiny Manila
32%
Tajlandia Bangkok
31%
Wietnam Hanoi
31%
Demokratyczna Republika Konga Kinszasa
31%
Nigeria Abudza
28%
Etiopia Addis Abeba
27%
Nie znaleziono quizów pasujących do podanych kryteriów
Rozkład punktacji
Procent ludzi z każdym wynikiem
Percentyl według liczby udzielonych odpowiedzi
Twoja historia wyników
Nie rozwiązałeś tego quizu od ostatniego zresetowania